Logo BPK

Bibliografia Prac Pracowników

Politechniki Koszalińskiej

Problematyka zagospodarowania wyrejestrowanych pojazdów samochodowych w aspekcie ochrony środowiska naturalnego Pomorza Środkowego / (Rekord nr 3360)

Szczegóły MARC
000 -ETYKIETA REKORDU
podpole kontrolne o stałej długości 01659naa a2200277 i 4500
001 - NUMER KONTROLNY REKORDU
podpole kontrolne 3360
003 - IDENTYFIKATOR NUMERU KONTROLNEGO REKORDU
podpole kontrolne KOSZ 005
005 - DATA OSTATNIEJ MODYFIKACJI REKORDU
podpole kontrolne 20180213123953.0
008 - POLE O STAŁEJ DŁUGOŚCI - DANE KONTROLNE
podpole kontrolne o stałej długości 141020s2000 pl f |100 0 pol
040 ## - ŹRÓDŁO KATALOGOWANIA
Instytucja, która utworzyła rekord BPK
Instytucja, która dokonała modyfikacji KOSZ 005/EG
080 ## - UNIWERSALNA KLASYFIKACJA DZIESIĘTNA - UKD
UKD 656.13
080 ## - UNIWERSALNA KLASYFIKACJA DZIESIĘTNA - UKD
UKD 502.17
100 1# - NAZWA OSOBOWA
Nazwa osobowa CHAMIER-GLISZCZYŃSKI, Norbert.
Lata pracy 1997 - .
Instytucja Politechnika Koszalińska - Wydział Mechaniczny,
Wydział Katedra Mechaniki Precyzyjnej
245 10 - TYTUŁ/ODPOWIEDZIALNOŚĆ
Tytuł Problematyka zagospodarowania wyrejestrowanych pojazdów samochodowych w aspekcie ochrony środowiska naturalnego Pomorza Środkowego /
Pozostałe elementy strefy tytułu i oznaczenia odpowiedzialności Norbert Chamier-Gliszczyński, Tomasz Krzyżyński, Wojciech Kacalak.
500 ## - UWAGI OGÓLNE
Tekst uwagi Dane z autopsji.
520 ## - UWAGA DOTYCZĄCA TREŚCI DOKUMENTU
Analiza dokumentacyjna, adnotacja itp. Praca przedstawia ogólną koncepcję recyklingu samochodów w Polsce, która opiera się na stworzeniu systemu zorganizowanego, opartego o regionalne sieci przedsiębiorstw demontażu samochodów, zbliżonego do sieci istniejącej w krajach Unii Europejskiej.
650 #0 - HASŁO PRZEDMIOTOWE W FORMIE NAZWY OGÓLNEJ LUB JEDNOSTKOWEJ
Nazwa ogólna lub geograficzna Recykling.
650 #0 - HASŁO PRZEDMIOTOWE W FORMIE NAZWY OGÓLNEJ LUB JEDNOSTKOWEJ
Nazwa ogólna lub geograficzna Samochody.
650 #0 - HASŁO PRZEDMIOTOWE W FORMIE NAZWY OGÓLNEJ LUB JEDNOSTKOWEJ
Nazwa ogólna lub geograficzna Ochrona środowiska.
655 #0 - TERMIN INDEKSOWY - OKREŚLENIE RODZAJU/FORMY DOKUMENTU
Określnie rodzaju/formy dokumentu Materiały konferencyjne.
700 1# - HASŁO DODATKOWE - NAZWA OSOBOWA
Nazwa osobowa KRZYŻYŃSKI, Tomasz.
Lata pracy 1997 - .
Instytucja Politechnika Koszalińska - Wydział Mechaniczny,
Wydział Katedra Mechaniki Precyzyjnej
700 1# - HASŁO DODATKOWE - NAZWA OSOBOWA
Nazwa osobowa KACALAK, Wojciech.
Lata pracy 1996 - .
Instytucja Politechnika Koszalińska - Wydział Mechaniczny,
Wydział Katedra Mechaniki Precyzyjnej
711 22 - HASŁO DODATKOWE - NAZWA IMPREZY
Nazwa imprezy Słupskie Forum Motoryzacji
Oznaczenie części/sekcji dzieła (3 ;
Data imprezy 2000 ;
Miejsce imprezy Słupsk, Polska).
773 0# - TYTUŁ DOKUMENTU MACIERZYSTEGO
Wyrażenie wprowadzające W :
Tytuł Techniczne i ekologiczne aspekty rozwoju motoryzacji : III Słupskie Forum Motoryzacji : Słupsk, 13-14 maja 2000. -
Adres wydawniczy Słupsk : Starostwo Powiatowe w Słupsku, 2000. -
Informacje dotyczące relacji s. 17-27
942 ## - HASŁO DODATKOWE - ELEMENTY(KOHA)
Typ dokumentu Rozdział
Schemat klasyfikacji Uniwersalna klasyfikacja dziesiętna
Egzemplarze
Wycofany Zagubiony Uszkodzony Dostępność Lokalizacja stała Lokalizacja bieżąca Sygnatura Typ dokumentu
      Dostępny Bibliografia Prac Pracowników - BPK Bibliografia Prac Pracowników - BPK 64370 Rozdział
© 2014 Biblioteka Politechniki Koszalińskiej :: BIBLIOGRAFIA PRAC PRACOWNIKÓW